West asia on a shoesthing

Bibliographic Details
Format: Book

MARC

LEADER 00000cam a2200000 7i4500
001 0000008339
002 000009091
005 20000330.0
020 |a 0908086687 
090 0 0 |a 915.04428   |b WHE 
245 1 0 |a West asia on a shoesthing 
999 |a 0007373   |b BUKU   |c PINJAMAN   |e PERPUSTAKAAN KOMUNITI PETALING JAYA